| 000 | 01113nam0a22003131 4500 | ||
|---|---|---|---|
| 001 | RU\INFOCOMM_327\NLR\5000052815 | ||
| 005 | 20250613111941.0 | ||
| 035 | _a(NLR Aleph) 009599879 | ||
| 090 |
_a9303982 _c9303982 |
||
| 100 | _a20130307d1932 |||y0rusy50 ca | ||
| 101 | 0 | _ager | |
| 102 | _aRU | ||
| 105 | _ay z ||||| | ||
| 200 | 1 |
_a... Jugendkommunen _e(Zusammengestellt auf Grund von Untersuchungsmaterial) _fUnter Redaktion des Instituts für sanitäre Kultur |
|
| 210 |
_aMoskau _cZentral-Völker-Verlag _d1932 |
||
| 215 |
_a85, [2] с. _d20 см |
||
| 300 | _aНа обл. авторы: Dr. Neustadt, J. Riwkin, J. Sosnowskij | ||
| 300 | _aНа 4-й с. обл.: Д-ра Нейштадт, И. Рывкин и И. Сосновский. Коммуны молодежи | ||
| 620 | _aМосква | ||
| 700 | 1 | _aNeustadt | |
| 701 | 1 |
_9z01790 _aRyvkin _bI. |
|
| 701 | 1 |
_9z02790 _aSosnovskij _bI. |
|
| 790 | 1 |
_9z01701 _aRiwkin _bJ. _4070 |
|
| 790 | 1 |
_9z02701 _aSosnowskij _bJ. _4070 |
|
| 801 | 1 |
_aRU _bInfocomm _c20130307 |
|
| 801 | 0 |
_aRU _bINFOCOMM _gPSBO |
|
| 852 |
_aNLR _jЕ-8/768 |
||
| 942 | _cBOOK | ||
| 980 | _aNB | ||